| 000 | 02906nam a22004215a 4500 | ||
|---|---|---|---|
| 005 | 20090526121324.0 | ||
| 008 | 090319s2009 ii b 001 0 eng | ||
| 010 | _aENG-93732 | ||
| 020 |
_a9780195690859 _c1295.00 |
||
| 020 |
_a0195690850 _c1295.00 |
||
| 035 | _aEN-77265 | ||
| 035 | _aB-360821-826 | ||
| 035 | _aB-379440 | ||
| 037 | _aDBAD / PUB | ||
| 037 | _aUBH | ||
| 037 | _aUppal Book Store | ||
| 040 |
_adpl _bEnglish |
||
| 082 | _a954.022 | ||
| 245 |
_aInformation and the public sphere : _bPersian newsletters from Mughal Delhi / _cedited by Margrit Pernau [and] Yunus Jaffery |
||
| 260 |
_aNew Delhi _bOxford University Press _c2009 |
||
| 270 |
_aYMCA Library Building, Jai Singh Road, _bNew Delhi _e110001 |
||
| 300 |
_a480 p. _c25cm(Hb) |
||
| 500 | _aIncludes bibliographical references and index | ||
| 651 |
_aIndia _xHistory |
||
| 700 | _aPernau, Margrit | ||
| 700 | _aJaffery, Yunus | ||
| 942 |
_2ddc _cEN _mINF _h954.022 |
||
| 999 |
_c26813 _d26813 |
||